000 00465nam a2200169Ia 4500
008 230917s9999||||xx |||||||||||||| ||und||
020 _cRS1800
040 _e241025
_aMAIN
041 _aEnglish
082 _a338.4791 T543B
100 _aTiwari, Poonam Pradhan
245 0 _aBasic of travel agency management
260 _aNew Delhi
_bcentrum Press
_c2014
300 _avii, 272 p.
500 _a2768 06/07/2017 RBP17/66614 18/07/2017 Main Budget
942 _cBK
999 _c23108
_d23108